000 01608nam2a2200265 4500
001 RU\NLR\BIBL_A\022752796
005 20260423121022.0
010 _a978-5-00249-437-8
_bч. 2
_9500
021 _aRU
_bКН-П-26-002682
_9КН-П-26-0244
035 _a(NLR Aleph) 022752796
090 _a13636977
_c13636977
100 _a20260313d2025 k y0rusy50 ca
101 0 _arus
_deng
102 _aRU
105 _aa|||z|||100yy
200 0 _aЧ. 2
210 _d2025
215 _a216 с.
_cил., табл.
300 _aРез. англ.
320 _aБиблиогр. в конце ст.
461 0 _1001RU\NLR\BIBL_A\022743640
_12001#$aПедагогика и психология: актуальные вопросы теории и практики$eсборник статей Международной научно-практической конференции, 4 декабря 2025 г. (г. Оренбург)$fНаучно-издательский центр Аэтерна$gответственный редактор: Сукиасян Асатур Альбертович, к. э. н.$vЧ. 2
_913650358
_cУфа
_d2025-
_fНаучно-издательский центр Аэтерна
_nАэтерна
_oсборник статей Международной научно-практической конференции, 4 декабря 2025 г. (г. Оренбург)
_tПедагогика и психология: актуальные вопросы теории и практики
_y978-5-00249-438-5
_vЧ. 2
942 _cBOOK
980 _aNB